000 00258nam a2200097Ia 4500
001 1161578
005 20250827011628.0
008 250824s9999 xx 000 0 und d
245 0 _aBİTMEMİŞ İNŞA POSTMODERNİZM
_cAHMET MELİH KARAUĞUZ
260 _bKETEBE
999 _c1161578
_d1161578